Our two countries : Perspectives on our views of each other

Sparad:
Bibliografiska uppgifter
Huvudupphovsman: Trezise, Philip H.
Materialtyp: Bok
Språk:Undetermined
Publicerad: New York Japan Information Service 1972
Ämnen:
Taggar: Lägg till en tagg
Inga taggar, Lägg till första taggen!
Thư viện lưu trữ: Trung tâm Học liệu Trường Đại học Cần Thơ
LEADER 00547nam a2200205Ia 4500
001 CTU_97470
008 210402s9999 xx 000 0 und d
082 |a 301.2 
082 |b T818 
100 |a Trezise, Philip H. 
245 0 |a Our two countries : 
245 0 |b Perspectives on our views of each other 
245 0 |c Philip H. Trezise 
260 |a New York 
260 |b Japan Information Service 
260 |c 1972 
650 |a Japan 
650 |x Relations 
904 |i M.Loan 
980 |a Trung tâm Học liệu Trường Đại học Cần Thơ